[Event "39th Olympiad Women"]
[Site "Khanty-Mansiysk RUS"]
[Date "2010.10.01"]
[Round "10"]
[White "Smith, Olivia"]
[Black "Lang, Heather"]
[Result "1-0"]
[WhiteTitle "WFM"]
[WhiteElo "2002"]
[BlackElo "2025"]
[Board "40.1"]
[WhiteTeam "WLS"]
[BlackTeam "SCO"]
[WhiteFideId "411850"]
[BlackFideId "2400979"]
[EventDate "2010.09.21"]
[EventType "team"]

1. e4 e5 2. f4 Bc5 3. Nf3 d6 4. Nc3 Nc6 5. Bc4 Nf6 6. d3 Bg4 7. h3 Bxf3 8. Qxf3
exf4 9. Bxf4 Ne5 10. Bxe5 dxe5 11. O-O-O Qd7 12. Qg3 O-O 13. Rhf1 Qe7 14. Rf5
Bd6 15. Rdf1 Kh8 16. Rxf6 gxf6 17. Nd5 Rg8 18. Qf3 Qf8 19. Nxf6 Qh6+ 20. Kb1 Rg7
21. Nh5 Rg5 22. g4 f5 23. exf5 c6 24. f6 Rf8 25. h4 Rxh5 26. gxh5 Bc5 27. f7 b5
28. Bb3 a5 29. Qg2 Qg7 30. Qxc6 a4 31. h6 Qg3 32. Qf6+ 1-0

[Event "39th Olympiad Women"]
[Site "Khanty-Mansiysk RUS"]
[Date "2010.10.01"]
[Round "10"]
[White "Rutherford, Elaine"]
[Black "Blackburn, Suzie G."]
[Result "1-0"]
[WhiteTitle "WFM"]
[BlackTitle "WFM"]
[WhiteElo "2080"]
[BlackElo "1939"]
[Board "40.2"]
[WhiteTeam "SCO"]
[BlackTeam "WLS"]
[WhiteFideId "2401428"]
[BlackFideId "414930"]
[EventDate "2010.09.21"]
[EventType "team"]

1. e4 e6 2. d4 d5 3. Nd2 c5 4. exd5 Qxd5 5. Ngf3 cxd4 6. Bc4 Qd6 7. O-O Nf6 8.
Nb3 Nc6 9. Nbxd4 Nxd4 10. Nxd4 a6 11. c3 Qc7 12. Bd3 Bd6 13. h3 h6 14. Qf3 Be5
15. Re1 O-O 16. Qe2 Bd6 17. Bd2 b5 18. a4 bxa4 19. Rxa4 e5 20. Nf3 Bb7 21. Bxa6
Qb6 22. Be3 Bxa6 23. Bxb6 Bxe2 24. Rxa8 Rxa8 25. Rxe2 Ra1+ 26. Re1 Ra2 27. Rd1
Ne4 28. Nd2 Bc5 29. Bxc5 Nxc5 30. Nc4 f6 31. f3 Ra4 32. b4 Ne6 33. Nb6 Ra2 34.
Nd5 Rb2 35. Rc1 Kf7 36. Kf1 Ke8 37. Ne3 Nf4 38. Rc2 Rb1+ 39. Kf2 Kd7 40. Nf5 Rb3
41. Ke3 Nd5+ 42. Kd2 Nf4 43. Kc1 Nd5 44. Rd2 Kc6 45. Kc2 Rxc3+ 46. Kb2 Rc4 47.
b5+ 1-0

[Event "39th Olympiad Women"]
[Site "Khanty-Mansiysk RUS"]
[Date "2010.10.01"]
[Round "10"]
[White "Roberts, Lynda"]
[Black "Giulian, Rosemary A"]
[Result "1/2-1/2"]
[WhiteElo "1999"]
[BlackElo "1990"]
[Board "40.3"]
[WhiteTeam "WLS"]
[BlackTeam "SCO"]
[WhiteFideId "1800191"]
[BlackFideId "2400375"]
[EventDate "2010.09.21"]
[EventType "team"]

1. f4 d5 2. Nf3 Nf6 3. g3 g6 4. Bg2 Bg7 5. d3 O-O 6. O-O b6 7. e4 Bb7 8. e5 Ne8
9. Nbd2 c5 10. Qe1 Nc7 11. c3 Nc6 12. Nh4 Rb8 13. Ndf3 f5 14. Ng5 e6 15. Qe2 Qe8
16. Nhf3 Nd8 17. b3 Nf7 18. a4 Nxg5 19. Nxg5 Qd8 20. Ba3 Re8 21. h4 h5 22. Bf3
Bh6 23. Kg2 Bxg5 24. hxg5 d4 25. c4 a5 26. Bxb7 Rxb7 27. Qf3 Qc8 28. Rh1 Na6 29.
Ra2 Rh7 30. Kf2 Qa8 31. Qxa8 Rxa8 32. Kf3 1/2-1/2

[Event "39th Olympiad Women"]
[Site "Khanty-Mansiysk RUS"]
[Date "2010.10.01"]
[Round "10"]
[White "Abarca Gonzalez, Damaris"]
[Black "Bakri, Alia Anin Azwa"]
[Result "0-1"]
[WhiteElo "1991"]
[BlackElo "1904"]
[Board "41.1"]
[WhiteTeam "CHI"]
[BlackTeam "MAS"]
[WhiteFideId "3409414"]
[BlackFideId "5702712"]
[EventDate "2010.09.21"]
[EventType "team"]

1. e4 e6 2. d3 d5 3. Nd2 Nf6 4. g3 Bc5 5. Bg2 dxe4 6. dxe4 e5 7. Ngf3 Nc6 8. O-O
O-O 9. Qe2 Qe7 10. c3 a6 11. b4 Bd6 12. a4 Be6 13. Nc4 Rfd8 14. Bg5 h6 15. Bxf6
Qxf6 16. Ne3 Ne7 17. Rab1 c6 18. c4 b6 19. Qc2 Bc7 20. Rfd1 Ng6 21. b5 cxb5 22.
axb5 axb5 23. Nd5 Bxd5 24. cxd5 Bd6 25. Rxb5 Bc5 26. Qe2 Ra7 27. h4 Rda8 28.
Rdb1 Qd6 29. h5 Ne7 30. R5b2 Qf6 31. Qd3 Ra3 32. Rb3 Ra2 33. R1b2 Ra1+ 34. Bf1
R8a3 35. Rxa3 Rxa3 36. Rb3 Ra2 37. Be2 Nc8 38. Rc3 Nd6 39. Rc2 Ra4 40. Qb3 Ra1+
41. Kg2 Nxe4 42. Qb2 Ra8 43. Qxe5 Qxe5 44. Nxe5 Rd8 45. f4 Nf6 46. Bc4 Bd6 47.
Rb2 Bxe5 48. fxe5 Nxd5 49. Kf3 Nc7 50. Rxb6 Re8 51. Rc6 Re7 52. Kf4 Kf8 53. Rd6
Ne8 54. Rd8 Rb7 55. Bd5 Rc7 56. Bb3 Rb7 57. Bd5 Rc7 58. Kf5 Ke7 59. Rb8 Rc1 60.
Bb3 Rc3 61. g4 Nc7 62. Rb7 Rf3+ 63. Ke4 Rc3 64. Kd4 Rc1 65. Bc4 Rd1+ 66. Bd3 Kd8
67. Ke4 Ne6 68. Rb5 Re1+ 69. Kf5 Nd4+ 70. Kf4 Nxb5 71. Bxb5 Ke7 72. Bc4 Rc1 73.
Bd5 Rf1+ 74. Ke4 Re1+ 75. Kf4 f6 76. e6 Re5 77. Bc4 Kd6 78. Ba2 Rb5 79. Kf3 f5
80. Kf4 fxg4 81. Kxg4 Rg5+ 82. Kh4 Ke7 83. Bc4 Kf6 84. Ba2 Rb5 85. Kg4 Rb2 86.
Bd5 Rb4+ 87. Kg3 Rb5 88. Bf3 Kxe6 89. Bg4+ Kf6 90. Be2 Rb4 0-1

[Event "39th Olympiad Women"]
[Site "Khanty-Mansiysk RUS"]
[Date "2010.10.01"]
[Round "10"]
[White "Nur, Nabila Azman Hisham"]
[Black "Toro Pradenas, Maria Jose"]
[Result "0-1"]
[WhiteTitle "WCM"]
[BlackTitle "WFM"]
[WhiteElo "1829"]
[BlackElo "1951"]
[Board "41.2"]
[WhiteTeam "MAS"]
[BlackTeam "CHI"]
[WhiteFideId "5702135"]
[BlackFideId "3412610"]
[EventDate "2010.09.21"]
[EventType "team"]

1. d4 d5 2. c4 c6 3. Nc3 Nf6 4. Nf3 e6 5. Bg5 h6 6. Bh4 Nbd7 7. Qc2 Qa5 8. Rc1
dxc4 9. Bxf6 Nxf6 10. Ne5 b5 11. Nxc6 Qb6 12. Ne5 Qxd4 13. Nf3 Qb6 14. e3 Bb7
15. Be2 a6 16. O-O Be7 17. Nd4 O-O 18. Bf3 Nd5 19. b3 Nb4 20. Qb1 Nd3 21. Rcd1
Ne5 22. Bxb7 Qxb7 23. bxc4 Nxc4 24. Nf3 Rac8 25. Ne2 b4 26. Rd3 Rc7 27. Rfd1 a5
28. Ng3 a4 29. Rd4 Na3 30. Qe4 Qxe4 31. Nxe4 f5 32. Ng3 Rfc8 33. Ne1 Nc2 34.
Nxc2 Rxc2 35. R4d2 Rxd2 36. Rxd2 Rc1+ 37. Nf1 Bf6 38. Rd3 Rc2 39. Rd2 b3 0-1

[Event "39th Olympiad Women"]
[Site "Khanty-Mansiysk RUS"]
[Date "2010.10.01"]
[Round "10"]
[White "Jorquera Cabello, Valentina"]
[Black "Wahiduddin, Nurul Huda"]
[Result "1-0"]
[WhiteElo "1970"]
[BlackElo "2020"]
[Board "41.3"]
[WhiteTeam "CHI"]
[BlackTeam "MAS"]
[WhiteFideId "3405494"]
[BlackFideId "5700396"]
[EventDate "2010.09.21"]
[EventType "team"]

1. e4 e6 2. d3 d5 3. Nd2 Nf6 4. g3 c5 5. Bg2 Nc6 6. Ngf3 Be7 7. O-O O-O 8. e5
Nd7 9. Re1 Qc7 10. Qe2 b6 11. Nf1 Bb7 12. h4 Nd4 13. Nxd4 cxd4 14. Bf4 Rac8 15.
Rec1 Qd8 16. Nh2 Kh8 17. Nf3 Bc5 18. Bh3 h6 19. Nh2 Qe8 20. Ng4 f5 21. exf6 Nxf6
22. Nxf6 Rxf6 23. Be5 Rf7 24. Bxe6 Re7 25. Bxc8 Rxe5 26. Qxe5 Qxe5 27. Bxb7 Qf5
28. a3 Qd7 29. Ba8 Bd6 30. Re1 Be5 31. Rxe5 Qb5 32. Rae1 Qxb2 33. Bxd5 Qxc2 34.
Re8+ Kh7 35. Bg8+ Kg6 36. R8e6+ Kh5 37. Bf7+ Kg4 38. R6e4+ 1-0

[Event "39th Olympiad Women"]
[Site "Khanty-Mansiysk RUS"]
[Date "2010.10.01"]
[Round "10"]
[White "Fong, Mi Yen"]
[Black "Cortes Arias, Mariela"]
[Result "1-0"]
[WhiteElo "1905"]
[BlackElo "1772"]
[Board "41.4"]
[WhiteTeam "MAS"]
[BlackTeam "CHI"]
[WhiteFideId "5703522"]
[BlackFideId "3405478"]
[EventDate "2010.09.21"]
[EventType "team"]

1. e4 c5 2. Nf3 Nf6 3. Nc3 Nc6 4. d4 d5 5. exd5 Nxd5 6. Nxd5 Qxd5 7. c4 Qe4+ 8.
Be3 Nb4 9. Rc1 Bf5 10. Qa4+ Bd7 11. Qb3 cxd4 12. Nxd4 e5 13. f3 Qg6 14. Nb5 Na6
15. a3 e4 16. Nxa7 Rxa7 17. Bxa7 Bc6 18. Qe3 Be7 19. f4 Qf5 20. b4 Nxb4 21. axb4
Bxb4+ 22. Kf2 O-O 23. Be2 Ra8 24. Rhd1 g5 25. g4 Qxf4+ 26. Qxf4 gxf4 27. Bb6 Ra2
28. Ra1 e3+ 29. Bxe3 fxe3+ 30. Kxe3 Bc5+ 31. Kd3 Rb2 32. h4 Rb3+ 33. Kc2 Rh3 34.
h5 Rh2 35. Kd3 Rh3+ 36. Kc2 Be4+ 37. Bd3 Bf3 38. Ra8+ Kg7 39. Rd2 Be3 40. Bf1
Rh1 41. Bg2 Bxd2 42. Bxh1 Bxh1 43. Kxd2 Bf3 44. Rb8 Kh6 45. Rg8 Bc6 46. Ke3 Bd7
47. c5 Bc6 48. Kf4 f6 49. Kf5 Bd5 50. Rd8 Bf3 51. Rd6 Kg7 52. Rd7+ Kh6 53. Rf7
Bc6 54. Rxf6+ Kg7 55. g5 Bd7+ 56. Ke5 Bg4 57. h6+ Kg8 58. Kd6 1-0

[Event "39th Olympiad Women"]
[Site "Khanty-Mansiysk RUS"]
[Date "2010.10.01"]
[Round "10"]
[White "Ibrahim, Delbak Ismael"]
[Black "Latreche, Sabrina"]
[Result "1/2-1/2"]
[WhiteTitle "WIM"]
[BlackTitle "WFM"]
[WhiteElo "1954"]
[BlackElo "1951"]
[Board "42.1"]
[WhiteTeam "IRQ"]
[BlackTeam "ALG"]
[WhiteFideId "4803116"]
[BlackFideId "7901798"]
[EventDate "2010.09.21"]
[EventType "team"]

1. e4 e5 2. Nf3 Nc6 3. d4 exd4 4. Nxd4 Bc5 5. Nxc6 Qf6 6. f4 dxc6 7. Nc3 Nh6 8.
Na4 Bg4 9. Qd2 Rd8 10. Bd3 Qd4 11. Nxc5 Qxc5 12. h3 Be6 13. Qe3 Qb4+ 14. Qd2 Qd4
15. Qf2 Qb4+ 16. Qd2 Qd4 17. Qf2 Qb4+ 18. Qd2 1/2-1/2

[Event "39th Olympiad Women"]
[Site "Khanty-Mansiysk RUS"]
[Date "2010.10.01"]
[Round "10"]
[White "Hamza, Amira"]
[Black "Mohammed Qane,Jannar Worya"]
[Result "1-0"]
[WhiteTitle "WCM"]
[BlackTitle "WFM"]
[WhiteElo "1886"]
[BlackElo "1906"]
[Board "42.2"]
[WhiteTeam "ALG"]
[BlackTeam "IRQ"]
[WhiteFideId "7901160"]
[BlackFideId "4802144"]
[EventDate "2010.09.21"]
[EventType "team"]

1. d4 Nf6 2. Nf3 e6 3. g3 b6 4. Bg2 Bb7 5. O-O d5 6. Ne5 Nbd7 7. c4 Nxe5 8. dxe5
Nd7 9. cxd5 exd5 10. Bxd5 c6 11. Bg2 Nxe5 12. Qc2 Bd6 13. Rd1 Qc7 14. Nc3 O-O-O
15. Ne4 f6 16. Nxd6+ Rxd6 17. Bf4 g6 18. Rxd6 Qxd6 19. Rd1 Qc7 20. Bh3+ Kb8 21.
Rd7 Qc8 22. Bxe5+ fxe5 23. Rxh7 Qg8 24. Rxh8 Qxh8 25. Bg2 Qf6 26. Qe4 Qd6 27. f4
Qd1+ 28. Kf2 Qd4+ 29. Qxd4 exd4 30. Be4 c5 31. Bxg6 Bd5 32. b3 Kc7 33. e3 dxe3+
34. Kxe3 Kd6 35. Be4 Bf7 36. Bd3 Ke7 37. g4 Be8 38. g5 b5 39. f5 a6 40. h4 Kf8
41. Kf4 Bf7 42. Ke5 c4 43. bxc4 bxc4 44. Bc2 c3 45. a3 Bh5 46. g6 Be2 47. f6 Bc4
48. h5 1-0

[Event "39th Olympiad Women"]
[Site "Khanty-Mansiysk RUS"]
[Date "2010.10.01"]
[Round "10"]
[White "Jwan, Jamal Mohammed Ameen"]
[Black "Latreche, Khadidja"]
[Result "1/2-1/2"]
[WhiteTitle "WCM"]
[BlackTitle "WCM"]
[WhiteElo "1849"]
[BlackElo "1815"]
[Board "42.3"]
[WhiteTeam "IRQ"]
[BlackTeam "ALG"]
[WhiteFideId "4803000"]
[BlackFideId "7901780"]
[EventDate "2010.09.21"]
[EventType "team"]

1. d4 Nf6 2. c4 e6 3. Nc3 b6 4. Nf3 Bb7 5. Bg5 Be7 6. e3 d6 7. Be2 Nbd7 8. O-O
h6 9. Bh4 Ne4 10. Bxe7 Qxe7 11. Qc2 Nxc3 12. Qxc3 f5 13. Nd2 O-O-O 14. Bf3 Bxf3
15. Nxf3 g5 16. a4 Nf6 17. a5 Ne4 18. Qc2 e5 19. axb6 cxb6 20. b4 Kb7 21. Ra3 g4
22. Nd2 Nxd2 23. Qxd2 h5 24. Rfa1 Ra8 25. Qa2 Kb8 26. c5 Qb7 27. cxb6 Qxb6 28.
Ra6 Qc7 29. Qe6 exd4 30. exd4 f4 31. Qxd6 Qxd6 32. Rxd6 Kc7 33. Rf6 Rhb8 34.
Rxf4 Rxb4 35. f3 gxf3 36. gxf3 a5 37. Re4 Rb3 38. Kf2 a4 39. Re3 Rb2+ 40. Kg3
Rg8+ 41. Kf4 Rf8+ 42. Ke4 Re8+ 43. Kf4 Rf8+ 1/2-1/2

[Event "39th Olympiad Women"]
[Site "Khanty-Mansiysk RUS"]
[Date "2010.10.01"]
[Round "10"]
[White "Richards, Deborah"]
[Black "Al-Khelaifi, Salama"]
[Result "1/2-1/2"]
[WhiteTitle "WFM"]
[BlackTitle "WFM"]
[WhiteElo "2003"]
[BlackElo "1736"]
[Board "43.1"]
[WhiteTeam "JAM"]
[BlackTeam "QAT"]
[WhiteFideId "7400446"]
[BlackFideId "12100048"]
[EventDate "2010.09.21"]
[EventType "team"]

1. c4 e6 2. Nc3 d5 3. d4 Nf6 4. Qc2 Nbd7 5. cxd5 exd5 6. Bg5 c6 7. e3 Be7 8. Bd3
O-O 9. Nge2 Re8 10. O-O Nf8 11. f3 Ng6 12. e4 dxe4 13. fxe4 Be6 14. Rad1 Ng4 15.
Bxe7 Qxe7 16. Qd2 c5 17. d5 Bd7 18. h3 c4 19. Bc2 N4e5 20. d6 Qh4 21. Nd5 Rac8
22. Nef4 Qh6 23. Nxg6 Qxg6 24. Ne7+ Rxe7 25. dxe7 Re8 26. Qd6 Qxd6 27. Rxd6 Rxe7
28. Rfd1 g6 29. R1d5 Bc6 30. Rd4 Kg7 31. a4 f6 32. Rd8 a6 33. Rc8 b5 34. Rd6 Bb7
35. Rb8 b4 36. Rb6 b3 37. Bxb3 Bxe4 38. Ba2 Nd7 39. Bxc4 Nxb8 40. Rxb8 Rb7 41.
Rxb7+ Bxb7 42. b4 Kf8 43. Kf2 Ke7 44. g3 Kd6 45. Ke3 Ke5 46. h4 h6 47. Be2 g5
48. Bf3 Bc8 49. hxg5 hxg5 50. b5 axb5 51. axb5 f5 52. Kd3 g4 53. Bg2 f4 1/2-1/2

[Event "39th Olympiad Women"]
[Site "Khanty-Mansiysk RUS"]
[Date "2010.10.01"]
[Round "10"]
[White "Amadasun, Rosemary"]
[Black "Avalos, Leticia"]
[Result "1/2-1/2"]
[BlackTitle "WCM"]
[WhiteElo "1900"]
[BlackElo "1633"]
[Board "44.4"]
[WhiteTeam "NGR"]
[BlackTeam "PAR"]
[WhiteFideId "8500983"]
[BlackFideId "3702073"]
[EventDate "2010.09.21"]
[EventType "team"]

1. e4 e6 2. d4 d5 3. Nd2 dxe4 4. Nxe4 Nd7 5. Nf3 Ngf6 6. Nxf6+ Nxf6 7. Bd3 Be7
8. O-O O-O 9. Re1 b6 10. c4 Bb7 11. Ne5 c5 12. dxc5 Bxc5 13. Qe2 Qc7 14. Bg5 Be7
15. Rad1 Rad8 16. a3 a5 17. h3 Ba8 18. Bb1 Rxd1 19. Rxd1 Qb7 20. f3 Bc5+ 21. Be3
Qc7 22. Bf2 Bd6 23. Ng4 Nxg4 24. hxg4 Rd8 25. Kf1 Bb7 26. a4 g6 27. b3 Bc6 28.
Be3 Bf8 29. Bc2 Re8 30. Qf2 Rb8 31. g5 Be7 32. Ke2 Qe5 33. Kf1 Qc7 34. g3 Bd6
35. f4 Ba8 36. Ke2 e5 37. f5 Qc6 38. g4 Bb4 39. f6 Qe6 40. Qh4 Bf8 41. Kf2 Rc8
42. Rd2 Qc6 43. Qg3 Re8 44. Ke2 Qc7 45. Qf2 Rb8 46. Kf1 Qc6 47. Qg3 Qh1+ 48. Kf2
Bb4 49. Rd1 Qc6 50. Qh3 Re8 51. Bd3 Bf8 52. Be2 Qc7 53. Bf3 Bxf3 54. Qxf3 e4 55.
Qg3 Qc6 56. Qh4 Qe6 57. Rh1 h6 58. gxh6 Kh7 59. g5 Qe5 60. Qf4 Qb2+ 61. Kg3 Qxb3
62. Kg4 Qxc4 63. Rc1 Qe6+ 64. Kh4 Bd6 65. Qg4 Qe5 66. Rc2 Re6 67. Qg2 Rxf6 68.
Rf2 Rxf2 69. Qxf2 Qe6 70. Bxb6 Bb4 71. Bd4 Be7 72. Qf4 Bd6 73. Qf2 Be7 74. Qf4
Qd5 75. Qe3 Qf5 76. Qg3 Qd5 77. Qe3 1/2-1/2

[Event "39th Olympiad Women"]
[Site "Khanty-Mansiysk RUS"]
[Date "2010.10.01"]
[Round "10"]
[White "Awad, Omaima"]
[Black "Matoussi, Amina"]
[Result "1/2-1/2"]
[WhiteTitle "WCM"]
[WhiteElo "1669"]
[BlackElo "1772"]
[Board "46.1"]
[WhiteTeam "YEM"]
[BlackTeam "TUN"]
[WhiteFideId "9400117"]
[BlackFideId "5501164"]
[EventDate "2010.09.21"]
[EventType "team"]

1. e4 d6 2. d4 Nf6 3. Nc3 g6 4. f3 Nbd7 5. Be3 a6 6. Bd3 Bg7 7. Qd2 b5 8. a3 c5
9. dxc5 dxc5 10. Nh3 Qa5 11. O-O O-O 12. Bh6 Qb6 13. Kh1 Ne5 14. Bxg7 Kxg7 15.
Nf2 Rd8 16. Qe3 Qc7 17. Rad1 Be6 18. Qc1 b4 19. axb4 cxb4 20. Ne2 1/2-1/2

[Event "39th Olympiad Women"]
[Site "Khanty-Mansiysk RUS"]
[Date "2010.10.01"]
[Round "10"]
[White "Krifa, Najla"]
[Black "Abdulsalam, Nadhmia"]
[Result "1/2-1/2"]
[WhiteTitle "WFM"]
[BlackTitle "WCM"]
[WhiteElo "1794"]
[BlackElo "1586"]
[Board "46.2"]
[WhiteTeam "TUN"]
[BlackTeam "YEM"]
[WhiteFideId "5501040"]
[BlackFideId "9400877"]
[EventDate "2010.09.21"]
[EventType "team"]

1. e4 c5 2. Nf3 e6 3. c3 Nc6 4. Be2 Nf6 5. e5 Nd5 6. d4 cxd4 7. cxd4 d6 8. O-O
dxe5 9. dxe5 Qc7 10. Re1 Be7 11. Bd3 O-O 12. a3 b6 13. Qc2 h6 14. Bd2 Bb7 15.
Nc3 Rac8 16. Rac1 Qd7 17. Qb1 Na5 18. Be4 Nb3 19. Nxd5 Bxd5 20. Rxc8 Rxc8 21.
Be3 Qc6 22. Bxd5 Qxd5 1/2-1/2

[Event "39th Olympiad Women"]
[Site "Khanty-Mansiysk RUS"]
[Date "2010.10.01"]
[Round "10"]
[White "Elshereif, Mada"]
[Black "Marzouk, Amira"]
[Result "1/2-1/2"]
[BlackTitle "WCM"]
[WhiteElo "1766"]
[BlackElo "1745"]
[Board "46.3"]
[WhiteTeam "YEM"]
[BlackTeam "TUN"]
[WhiteFideId "9400125"]
[BlackFideId "5501148"]
[EventDate "2010.09.21"]
[EventType "team"]

1. e4 c5 2. Nf3 d6 3. d4 cxd4 4. Nxd4 g6 5. Nc3 Nf6 6. Bc4 Bg7 7. f3 Nc6 8. Be3
O-O 9. Qd2 Bd7 10. O-O-O Ne5 11. Bb3 Rc8 12. h4 h5 13. Bh6 Nc4 14. Bxc4 Rxc4 15.
Bxg7 Kxg7 16. Qg5 Rc5 17. Qe3 b5 18. Nb3 Rc7 19. Nd5 Nxd5 20. Rxd5 Qc8 21. Qd2
a6 22. Kb1 Be6 23. Rxh5 gxh5 24. Qg5+ Kh7 25. Qxh5+ Kg7 26. Qg5+ Kh7 27. Qh5+
Kg7 28. Qg5+ Kh7 1/2-1/2

[Event "39th Olympiad Women"]
[Site "Khanty-Mansiysk RUS"]
[Date "2010.10.01"]
[Round "10"]
[White "Matoussi, Amani"]
[Black "Gameel, Amal"]
[Result "1/2-1/2"]
[BlackTitle "WFM"]
[WhiteElo "1545"]
[BlackElo "1784"]
[Board "46.4"]
[WhiteTeam "TUN"]
[BlackTeam "YEM"]
[WhiteFideId "5501156"]
[BlackFideId "9400150"]
[EventDate "2010.09.21"]
[EventType "team"]

1. e4 e5 2. Nf3 Nc6 3. d4 exd4 4. Bc4 Be7 5. c3 d6 6. cxd4 Nf6 7. d5 Ne5 8. Nxe5
dxe5 9. Nc3 O-O 10. O-O Qd6 11. Qd3 Rd8 12. Be3 Ne8 13. Rad1 Qg6 14. f4 exf4 15.
Rxf4 1/2-1/2

[Event "39th Olympiad Women"]
[Site "Khanty-Mansiysk RUS"]
[Date "2010.10.01"]
[Round "10"]
[White "Segarra Choe, Tammy"]
[Black "Naipal, Victoria"]
[Result "1-0"]
[WhiteTitle "WFM"]
[BlackTitle "WFM"]
[WhiteElo "2014"]
[BlackElo "1845"]
[Board "48.1"]
[WhiteTeam "PUR"]
[BlackTeam "SUR"]
[WhiteFideId "3100936"]
[BlackFideId "8200149"]
[EventDate "2010.09.21"]
[EventType "team"]

1. d4 d5 2. c4 e6 3. Nc3 Be7 4. Nf3 Nf6 5. cxd5 exd5 6. Bg5 c6 7. e3 O-O 8. Qc2
h6 9. Bxf6 Bxf6 10. Bd3 Be6 11. O-O a5 12. a3 Na6 13. Rab1 Qd7 14. b4 axb4 15.
axb4 Qe7 16. Bxa6 Rxa6 17. b5 cxb5 18. Rxb5 Rc8 19. Qb2 Qd8 20. Rxb7 Rac6 21.
Na4 Qa5 22. Qb3 Ra6 23. Nc5 Rxc5 24. dxc5 Qxc5 25. Rb8+ Kh7 26. Qd3+ g6 27. Qxa6
Kg7 28. Qa8 Kh7 29. Qb7 Bg7 30. Qb4 Qc7 31. Rb1 Qd7 32. Qh4 1-0

[Event "39th Olympiad Women"]
[Site "Khanty-Mansiysk RUS"]
[Date "2010.10.01"]
[Round "10"]
[White "Naipal, Ekaterina"]
[Black "Pacheco Medina, Hilzandryly"]
[Result "1/2-1/2"]
[WhiteElo "1766"]
[BlackElo "1875"]
[Board "48.2"]
[WhiteTeam "SUR"]
[BlackTeam "PUR"]
[WhiteFideId "8200629"]
[BlackFideId "3100480"]
[EventDate "2010.09.21"]
[EventType "team"]

1. d4 d5 2. c4 c6 3. Nc3 Nf6 4. e3 a6 5. Nf3 Bg4 6. Be2 Nbd7 7. b3 e6 8. Bb2 Bd6
9. O-O O-O 10. h3 Bh5 11. Rc1 Rc8 12. Re1 h6 13. Nd2 Bg6 14. Bf3 Bb8 15. cxd5
exd5 16. Nf1 Re8 17. Be2 h5 18. Bd3 Ne4 19. Ne2 Qh4 20. Bxe4 Bxe4 21. Neg3 Nf6
22. Nxe4 Nxe4 23. Qe2 Bd6 24. a3 Re6 25. Nd2 Rg6 26. Nxe4 Qxe4 27. f4 h4 28. Qc2
Qe7 29. b4 Rg3 30. Qf2 Qe4 31. Rc3 g5 32. Rf1 g4 33. hxg4 Rxg4 34. Qf3 Qg6 35.
Qh3 f5 36. Kf2 Re8 37. Rg1 Qh5 38. g3 hxg3+ 39. Rxg3 Qxh3 40. Rxh3 Kg7 41. Rc1
Rh8 42. Rch1 Rxh3 43. Rxh3 Kf6 44. Rh8 Rg7 45. Bc3 Kg6 46. Be1 Be7 47. Kf3 Rh7
48. Rxh7 Kxh7 49. Kg3 Kg6 50. Kh2 Kh5 51. Kh3 Bd6 52. Kh2 Kg4 53. Kg2 Be7 54.
Bf2 a5 55. Be1 Bd6 56. Bd2 axb4 57. axb4 Be7 1/2-1/2

[Event "39th Olympiad Women"]
[Site "Khanty-Mansiysk RUS"]
[Date "2010.10.01"]
[Round "10"]
[White "Nakagawa, Emiko"]
[Black "Alattar, Ghayda M."]
[Result "0-1"]
[WhiteTitle "WCM"]
[BlackTitle "WFM"]
[WhiteElo "1806"]
[BlackElo "1891"]
[Board "49.1"]
[WhiteTeam "JPN"]
[BlackTeam "JOR"]
[WhiteFideId "7000480"]
[BlackFideId "8101531"]
[EventDate "2010.09.21"]
[EventType "team"]

1. d4 Nf6 2. c4 e6 3. Nc3 Bb4 4. Qc2 c5 5. dxc5 Bxc5 6. e3 Nc6 7. a3 Ne5 8. Be2
b6 9. Nf3 Ng6 10. O-O O-O 11. b4 Be7 12. Bb2 Bb7 13. Rac1 Rc8 14. Qb1 Qc7 15. h3
Qb8 16. Nd2 Qa8 17. e4 Nf4 18. Bf3 d6 19. Kh2 Ng6 20. g3 Rfd8 21. Bg2 d5 22.
cxd5 exd5 23. exd5 Nxd5 24. Nxd5 Bxd5 25. Bxd5 Qxd5 26. Rxc8 Rxc8 27. Rd1 Qe6
28. Nf1 f5 29. Re1 Qf7 30. Ne3 f4 31. Ng4 h5 32. Ne5 fxg3+ 33. fxg3 Qf2+ 34. Kh1
Rc2 35. Qxc2 Qxc2 36. Nxg6 Qxb2 37. Rxe7 Qb1+ 38. Kg2 Qxg6 39. Rxa7 Qe4+ 40. Kf2
b5 41. Ra5 Qc4 42. Ra6 Qd4+ 43. Kf3 Kf7 44. h4 Qg4+ 45. Kf2 g6 46. Ra5 Qd4+ 47.
Kf3 Kf6 48. Kg2 Qc4 49. Kf2 g5 50. hxg5+ Kxg5 51. Ra8 Kg4 52. Ra6 Qc2+ 0-1

[Event "39th Olympiad Women"]
[Site "Khanty-Mansiysk RUS"]
[Date "2010.10.01"]
[Round "10"]
[White "Wakabayashi, Hisako"]
[Black "Boshra, Alshaeby"]
[Result "0-1"]
[WhiteElo "1493"]
[BlackElo "1798"]
[Board "49.3"]
[WhiteTeam "JPN"]
[BlackTeam "JOR"]
[WhiteFideId "7001053"]
[BlackFideId "8102937"]
[EventDate "2010.09.21"]
[EventType "team"]

1. e4 e6 2. d4 d5 3. Nc3 dxe4 4. Nxe4 Nf6 5. Bg5 Be7 6. Bxf6 Bxf6 7. Nxf6+ Qxf6
8. Nf3 O-O 9. Be2 Rd8 10. O-O c5 11. c3 Nc6 12. Qc2 cxd4 13. cxd4 Nxd4 14. Nxd4
Rxd4 15. Bd3 Rh4 16. Rfe1 Bd7 17. Be4 Rc8 18. Qd2 Bc6 19. Rac1 Rd8 20. Qb4 Rd4
21. Qc3 Rdxe4 22. Rxe4 Qxc3 23. Rxc3 Rxe4 24. f3 Re2 25. Rd3 Kf8 26. h4 Rxb2 27.
Ra3 a6 28. Kh2 Ke7 29. f4 Rxg2+ 30. Kh3 h5 31. Ra5 g6 32. a3 Rg4 33. Ra4 0-1

[Event "39th Olympiad Women"]
[Site "Khanty-Mansiysk RUS"]
[Date "2010.10.01"]
[Round "10"]
[White "Gonzalez, Yaribeth"]
[Black "Lopang, Tshepiso"]
[Result "1/2-1/2"]
[BlackTitle "WCM"]
[WhiteElo "1906"]
[BlackElo "1932"]
[Board "50.2"]
[WhiteTeam "PAN"]
[BlackTeam "BOT"]
[WhiteFideId "6600344"]
[BlackFideId "11300515"]
[EventDate "2010.09.21"]
[EventType "team"]

1. e4 g6 2. d4 Bg7 3. Bc4 e6 4. Nf3 Ne7 5. Be3 b6 6. c3 Bb7 7. Bd3 O-O 8. Qd2 d5
9. e5 Ba6 10. Bxa6 Nxa6 11. Bh6 c5 12. Bxg7 Kxg7 13. h4 cxd4 14. h5 dxc3 15.
Nxc3 Rh8 16. Qf4 Nf5 17. g4 Nh6 18. O-O-O Rc8 19. Kb1 Rc4 20. Nd4 Nc7 21. hxg6
hxg6 22. g5 Nf5 23. Rxh8 Qxh8 24. Nxf5+ gxf5 25. Rd4 Qh1+ 26. Kc2 Rxd4 27. Qxd4
Qg2 28. Qh4 Kg8 29. g6 Qxg6 30. Qd8+ Kg7 31. Qxc7 f4+ 32. Kb3 Qg2 33. Qe7 Qxf2
34. Qf6+ Kg8 35. Qg5+ Kh7 36. Qh5+ Kg8 37. Qg5+ Kf8 1/2-1/2